Fairy Tail Guild characters in 2 minutes - Statistics

General Stats
  • This quiz has been taken 683 times
  • The average score is 15 of 25
Answer Stats
Hint Answer % Correct
The Ice Maker Fullbuster Gray
95%
The Titania Scarlet Erza
95%
Air Dragon Slayer Marvell Wendy
92%
The Steel Man Redfox Gajeel
90%
The Summoner Heartfilia Lucy
87%
The Woman Drinker Alberona Cana
85%
The ' MAN ' Strauss Elfman
84%
The Third Master Makarov
82%
Flame Magician Dragneel Natsu
81%
The Model Strauss Mirajane
81%
Rain Girl Lockser Juvia
79%
The Bookworm McGarden Levy
72%
Blue Cat Happy
61%
White Cat Carla
56%
Black Strong Cat Panther Lily
50%
The One Who Was in Edolas Strauss LIsanna
47%
The Speedy Jet
38%
The Fairy Evergreen
37%
The Writer Justine Freed
33%
The Shooter's Partner Connell Bisca
27%
The Shooter Connell Alzack
26%
The Controller Bickslow
24%
The Destroyer Clive Gildarts
19%
The Painter Reedus
18%
Memory Magic Dranbolt
1%
No matching quizzes found
Score Distribution
Percent of People with Each Score
Percentile by Number Answered
Your Score History
You have not taken this quiz